[Event "v4camp2016"]
[Site "?"]
[Date "2016.06.21"]
[Round "1.9"]
[White "Krupa, Miroslav"]
[Black "Golda, Sebastian"]
[Result "0-1"]
[BlackElo "1877"]
[WhiteElo "1889"]
[LiveChessVersion "1.4.8"]

1. e4 {[%clk 1:30:58]} c5 {[%clk 1:30:55]} 2. Nf3 {[%clk 1:31:23]} d6
{[%clk 1:31:17]} 3. d4 {[%clk 1:31:49]} cxd4 {[%clk 1:31:43]} 4. Nxd4
{[%clk 1:32:07]} Nf6 {[%clk 1:32:08]} 5. Nc3 {[%clk 1:32:33]} a6 {[%clk 1:32:34]}
6. Be3 {[%clk 1:31:27]} e5 {[%clk 1:32:57]} 7. Nb3 {[%clk 1:31:48]} Be7
{[%clk 1:33:22]} 8. f3 {[%clk 1:32:11]} O-O {[%clk 1:33:33]} 9. Qd2
{[%clk 1:32:22]} Be6 {[%clk 1:34:00]} 10. O-O-O {[%clk 1:32:32]} a5
{[%clk 1:34:26]} 11. Na4 {[%clk 1:30:16]} Nbd7 {[%clk 1:31:18]} 12. g4
{[%clk 1:29:09]} d5 {[%clk 1:21:35]} 13. g5 {[%clk 1:24:51]} d4 {[%clk 1:20:57]}
14. gxf6 {[%clk 1:14:23]} dxe3 {[%clk 1:21:20]} 15. Qxe3 {[%clk 1:14:32]} Bxf6
{[%clk 1:21:43]} 16. Rg1 {[%clk 1:13:31]} Rc8 {[%clk 1:16:49]} 17. Kb1
{[%clk 1:09:47]} Qc7 {[%clk 1:17:11]} 18. Rd2 {[%clk 1:01:52]} Rfd8
{[%clk 1:13:51]} 19. Bd3 {[%clk 0:51:37]} Be7 {[%clk 0:55:09]} 20. h4
{[%clk 0:43:04]} Qc6 {[%clk 0:52:26]} 21. Qh6 {[%clk 0:39:40]} Bf8
{[%clk 0:51:49]} 22. Nc3 {[%clk 0:39:09]} Bxb3 {[%clk 0:49:01]} 23. Qxc6
{[%clk 0:39:32]} Bxa2+ {[%clk 0:47:36]} 24. Kxa2 {[%clk 0:39:39]} bxc6
{[%clk 0:47:35]} 25. Ba6 {[%clk 0:37:45]} Nc5 {[%clk 0:47:22]} 26. Rxd8
{[%clk 0:37:27]} Rxd8 {[%clk 0:47:51]} 27. Bc4 {[%clk 0:37:47]} Rd2
{[%clk 0:43:34]} 28. Rg5 {[%clk 0:36:16]} Bd6 {[%clk 0:39:34]} 29. Rf5
{[%clk 0:35:06]} Ne6 {[%clk 0:39:57]} 30. Bxe6 {[%clk 0:32:04]} fxe6
{[%clk 0:40:26]} 31. Rg5 {[%clk 0:32:25]} Rxc2 {[%clk 0:40:46]} 32. Kb3
{[%clk 0:30:42]} Rh2 {[%clk 0:40:00]} 33. Rg1 {[%clk 0:29:18]} Kf7
{[%clk 0:39:20]} 34. Rd1 {[%clk 0:29:34]} Ke7 {[%clk 0:39:22]} 35. Rg1
{[%clk 0:29:53]} g6 {[%clk 0:39:47]} 36. Ra1 {[%clk 0:24:25]} Bb4
{[%clk 0:38:54]} 37. Na2 {[%clk 0:23:24]} Bd6 {[%clk 0:39:13]} 38. Nc3
{[%clk 0:23:47]} Bc7 {[%clk 0:36:58]} 39. Rc1 {[%clk 0:23:29]} Rf2
{[%clk 0:34:52]} 40. Nb5 {[%clk 0:22:55]} Rxf3+ {[%clk 0:34:50]} 41. Ka2
{[%clk 0:23:23]} cxb5 {[%clk 0:33:12]} 42. Rxc7+ {[%clk 0:23:23]} Kd6
{[%clk 0:33:40]} 43. Rxh7 {[%clk 0:23:42]} Rf4 {[%clk 0:34:03]} 44. Rb7
{[%clk 0:23:25]} Kc5 {[%clk 0:30:29]} 45. Re7 {[%clk 0:23:48]} Rxh4
{[%clk 0:30:42]} 46. Rxe6 {[%clk 0:24:03]} Rxe4 {[%clk 0:31:09]} 47. Rxg6
{[%clk 0:24:26]} Kb4 {[%clk 0:31:12]} 48. Rg3 {[%clk 0:24:10]} a4
{[%clk 0:30:59]} 49. Rh3 {[%clk 0:24:25]} Re1 {[%clk 0:31:17]} 50. Rh6
{[%clk 0:24:50]} e4 {[%clk 0:31:26]} 51. Re6 {[%clk 0:21:31]} Re2
{[%clk 0:30:02]} 52. Ra6 {[%clk 0:21:26]} e3 {[%clk 0:28:35]} 53. Re6
{[%clk 0:21:47]} Re1 {[%clk 0:25:57]} 54. Re5 {[%clk 0:19:34]} Kc4
{[%clk 0:24:47]} 55. Re7 {[%clk 0:19:40]} b4 {[%clk 0:17:09]} 56. Re4+
{[%clk 0:19:35]} Kd3 {[%clk 0:17:28]} 57. Re7 {[%clk 0:19:01]} Rd1
{[%clk 0:17:24]} 58. Re8 {[%clk 0:19:07]} e2 {[%clk 0:17:42]} 59. Rd8+
{[%clk 0:19:29]} Kc4 {[%clk 0:18:02]} 0-1

[Event "v4camp2016"]
[Site "?"]
[Date "2016.06.21"]
[Round "1.10"]
[White "Korcyl, Patryk"]
[Black "Batora, Matej"]
[Result "0-1"]
[BlackElo "1897"]
[WhiteElo "1527"]
[LiveChessVersion "1.4.8"]

1. e4 {[%clk 1:30:57]} c5 {[%clk 1:30:55]} 2. Nf3 {[%clk 1:31:25]} d6
{[%clk 1:31:21]} 3. d4 {[%clk 1:31:49]} cxd4 {[%clk 1:31:46]} 4. Nxd4
{[%clk 1:32:15]} Nf6 {[%clk 1:32:11]} 5. Nc3 {[%clk 1:32:38]} a6 {[%clk 1:32:25]}
6. Be3 {[%clk 1:33:03]} e6 {[%clk 1:32:36]} 7. f3 {[%clk 1:33:11]} b5
{[%clk 1:32:52]} 8. Qd2 {[%clk 1:33:16]} Bb7 {[%clk 1:33:15]} 9. O-O-O
{[%clk 1:33:41]} Nbd7 {[%clk 1:33:37]} 10. Kb1 {[%clk 1:33:14]} Nb6
{[%clk 1:33:18]} 11. g4 {[%clk 1:31:54]} Nfd7 {[%clk 1:33:33]} 12. h4
{[%clk 1:31:31]} Ne5 {[%clk 1:33:52]} 13. Qg2 {[%clk 1:31:05]} Rc8
{[%clk 1:32:11]} 14. Bg5 {[%clk 1:29:33]} Qc7 {[%clk 1:27:58]} 15. f4
{[%clk 1:28:03]} Nec4 {[%clk 1:15:50]} 16. f5 {[%clk 1:23:18]} b4
{[%clk 0:57:39]} 17. Nce2 {[%clk 1:17:30]} e5 {[%clk 0:57:40]} 18. Nb3
{[%clk 1:15:09]} Na3+ {[%clk 0:52:11]} 19. bxa3 {[%clk 1:14:23]} Qxc2+
{[%clk 0:52:27]} 20. Ka1 {[%clk 1:14:49]} Bxe4 {[%clk 0:48:58]} 21. Rc1
{[%clk 1:08:00]} Bxg2 {[%clk 0:49:02]} 22. Rxc2 {[%clk 1:08:28]} Bxh1
{[%clk 0:46:32]} 23. Rxc8+ {[%clk 1:08:37]} Nxc8 {[%clk 0:46:54]} 24. Ng3
{[%clk 1:08:57]} Bd5 {[%clk 0:35:45]} 25. Bxa6 {[%clk 1:08:11]} Kd7
{[%clk 0:34:44]} 26. axb4 {[%clk 1:07:02]} Bxb3 {[%clk 0:34:41]} 27. Bb5+
{[%clk 1:07:18]} Kc7 {[%clk 0:34:49]} 28. axb3 {[%clk 1:07:34]} Be7
{[%clk 0:34:37]} 29. Ne4 {[%clk 1:07:30]} h6 {[%clk 0:28:20]} 30. Bxe7
{[%clk 1:03:11]} Nxe7 {[%clk 0:28:43]} 31. f6 {[%clk 1:03:36]} gxf6
{[%clk 0:24:59]} 32. Nxf6 {[%clk 1:03:58]} Nc6 {[%clk 0:22:36]} 33. Nd5+
{[%clk 1:03:01]} Kb7 {[%clk 0:22:14]} 34. Bc4 {[%clk 1:02:52]} Rf8
{[%clk 0:18:43]} 35. b5 {[%clk 1:02:57]} Na5 {[%clk 0:18:38]} 36. Nf6
{[%clk 1:03:19]} Nxc4 {[%clk 0:18:33]} 37. bxc4 {[%clk 1:03:36]} Rc8
{[%clk 0:15:47]} 38. Ne4 {[%clk 1:04:01]} Kc7 {[%clk 0:14:11]} 39. Kb2
{[%clk 1:00:38]} Kd7 {[%clk 0:13:09]} 40. Kb3 {[%clk 1:00:08]} Rf8
{[%clk 0:10:32]} 41. g5 {[%clk 0:59:38]} hxg5 {[%clk 0:10:10]} 42. hxg5
{[%clk 1:00:03]} Rh8 {[%clk 0:09:59]} 43. Kb4 {[%clk 0:59:43]} Rh4
{[%clk 0:08:09]} 44. Nf6+ {[%clk 0:59:32]} Kc8 {[%clk 0:08:11]} 45. b6
{[%clk 0:57:45]} Kb7 {[%clk 0:07:14]} 46. Kb5 {[%clk 0:57:14]} Rh1
{[%clk 0:07:38]} 47. c5 {[%clk 0:55:37]} Rb1+ {[%clk 0:08:07]} 48. Kc4
{[%clk 0:55:37]} Rc1+ {[%clk 0:08:07]} 49. Kd5 dxc5 {[%clk 0:06:03]} 50. Nd7
{[%clk 0:55:21]} Rd1+ {[%clk 0:06:13]} 0-1

[Event "v4camp2016"]
[Site "?"]
[Date "2016.06.21"]
[Round "1.11"]
[White "Veres, Simon"]
[Black "Rog, Mateusz"]
[Result "1/2-1/2"]
[BlackElo "1403"]
[WhiteElo "1608"]
[LiveChessVersion "1.4.8"]

1. e4 {[%clk 1:30:56]} e5 {[%clk 1:30:52]} 2. d4 {[%clk 1:31:23]} exd4
{[%clk 1:30:29]} 3. c3 {[%clk 1:31:47]} d3 {[%clk 1:29:58]} 4. Bxd3
{[%clk 1:31:35]} Nc6 {[%clk 1:29:54]} 5. Nf3 {[%clk 1:31:12]} Nf6
{[%clk 1:29:41]} 6. Bg5 {[%clk 1:31:17]} Be7 {[%clk 1:29:45]} 7. O-O
{[%clk 1:31:09]} d6 {[%clk 1:28:48]} 8. Qc2 {[%clk 1:30:08]} Bg4 {[%clk 1:26:36]}
9. Nd4 {[%clk 1:30:09]} h6 {[%clk 1:24:56]} 10. Bh4 {[%clk 1:29:01]} g5
{[%clk 1:21:41]} 11. Bg3 {[%clk 1:29:12]} h5 {[%clk 1:21:27]} 12. f3
{[%clk 1:28:11]} h4 {[%clk 1:20:06]} 13. Nxc6 {[%clk 1:28:11]} bxc6
{[%clk 1:20:14]} 14. fxg4 {[%clk 1:16:18]} hxg3 {[%clk 1:20:20]} 15. h3
{[%clk 1:16:30]} Qb8 {[%clk 1:13:50]} 16. Be2 {[%clk 1:09:07]} Qb6+
{[%clk 1:13:20]} 17. Kh1 {[%clk 1:09:22]} Rb8 {[%clk 1:11:18]} 18. b3
{[%clk 1:07:00]} Qe3 {[%clk 1:11:17]} 19. Rf3 {[%clk 0:56:16]} Qxe4
{[%clk 1:11:13]} 20. Qxe4 {[%clk 0:56:21]} Nxe4 {[%clk 1:11:20]} 21. Re3
{[%clk 0:55:26]} d5 {[%clk 1:11:08]} 22. Bf3 {[%clk 0:54:34]} Bc5
{[%clk 1:11:18]} 23. Re2 {[%clk 0:53:51]} f5 {[%clk 1:03:41]} 24. gxf5
{[%clk 0:49:46]} g4 {[%clk 1:03:29]} 25. Bxe4 {[%clk 0:37:47]} dxe4
{[%clk 1:03:31]} 26. Nd2 {[%clk 0:35:27]} gxh3 {[%clk 1:03:15]} 27. Nxe4
{[%clk 0:33:25]} hxg2+ {[%clk 1:03:11]} 28. Kxg2 {[%clk 0:33:41]} Rh2+
{[%clk 1:03:22]} 29. Kf3 {[%clk 0:33:43]} Rxe2 {[%clk 1:00:15]} 30. Kxe2
{[%clk 0:34:07]} Bd6 {[%clk 1:00:15]} 31. Kf3 {[%clk 0:33:24]} Rb5
{[%clk 0:59:08]} 32. Kg4 {[%clk 0:25:50]} Re5 {[%clk 0:58:18]} 33. Nxg3
{[%clk 0:17:24]} Re3 {[%clk 0:58:23]} 34. Nh5 {[%clk 0:16:51]} Rxc3
{[%clk 0:58:00]} 35. Re1+ {[%clk 0:16:03]} Kf7 {[%clk 0:57:55]} 36. Re2
{[%clk 0:15:39]} Rd3 {[%clk 0:57:27]} 37. Kg5 {[%clk 0:09:56]} Be7+
{[%clk 0:54:56]} 38. Kf4 {[%clk 0:06:52]} Rd4+ {[%clk 0:54:53]} 39. Re4
{[%clk 0:04:14]} Bg5+ {[%clk 0:54:37]} 40. Kf3 {[%clk 0:03:35]} Rd2
{[%clk 0:54:48]} 41. Ra4 {[%clk 0:03:18]} Rh2 {[%clk 0:53:59]} 42. Kg4
{[%clk 0:02:50]} Be3 {[%clk 0:54:02]} 43. Kf3 {[%clk 0:02:30]} Bb6
{[%clk 0:52:10]} 44. Kg4 {[%clk 0:02:29]} Rd2 {[%clk 0:47:58]} 45. Ng3
{[%clk 0:01:51]} c5 {[%clk 0:44:55]} 46. Ne4 {[%clk 0:01:22]} Rd4 47. Rxd4 cxd4
{[%clk 0:45:34]} 48. Nf2 {[%clk 0:01:32]} c5 {[%clk 0:45:34]} 49. Kf4
{[%clk 0:01:17]} a5 {[%clk 0:43:27]} 50. Nd3 {[%clk 0:01:38]} Kf6
{[%clk 0:42:54]} 1/2-1/2

[Event "v4camp2016"]
[Site "?"]
[Date "2016.06.21"]
[Round "1.12"]
[White "Surpeta, Julia"]
[Black "Hlavinova, Martina"]
[Result "0-1"]
[BlackElo "1318"]
[WhiteElo "1492"]
[LiveChessVersion "1.4.8"]

1. e4 {[%clk 1:30:57]} e5 {[%clk 1:30:56]} 2. Nf3 {[%clk 1:31:14]} Nc6
{[%clk 1:31:18]} 3. Bc4 {[%clk 1:31:36]} Bc5 {[%clk 1:31:40]} 4. c3
{[%clk 1:31:56]} Nf6 {[%clk 1:31:22]} 5. d4 {[%clk 1:32:13]} exd4
{[%clk 1:31:19]} 6. cxd4 {[%clk 1:32:36]} Bb4+ {[%clk 1:31:25]} 7. Nc3
{[%clk 1:32:38]} d5 {[%clk 1:30:48]} 8. exd5 {[%clk 1:31:24]} Nxd5
{[%clk 1:29:49]} 9. O-O {[%clk 1:31:43]} Nxc3 {[%clk 1:23:54]} 10. bxc3
{[%clk 1:30:16]} Be7 {[%clk 1:17:26]} 11. Re1 {[%clk 1:20:39]} O-O
{[%clk 1:17:41]} 12. Qc2 {[%clk 1:19:54]} Bg4 {[%clk 1:08:21]} 13. Ne5
{[%clk 1:16:46]} Nxe5 {[%clk 1:04:59]} 14. Rxe5 {[%clk 1:17:05]} Bf6
{[%clk 1:02:57]} 15. Rd5 {[%clk 1:17:29]} Qe8 {[%clk 1:01:57]} 16. Ba3
{[%clk 1:17:27]} c6 {[%clk 0:59:23]} 17. Rd6 {[%clk 1:12:06]} Qe7
{[%clk 0:54:30]} 18. h3 {[%clk 1:12:19]} Bc8 {[%clk 0:52:15]} 19. Qd2
{[%clk 1:10:27]} Bg5 {[%clk 0:44:46]} 20. f4 {[%clk 1:10:27]} Bh4
{[%clk 0:44:21]} 21. Bb4 {[%clk 1:08:50]} Qc7 {[%clk 0:36:54]} 22. f5
{[%clk 1:06:54]} Be7 {[%clk 0:35:59]} 23. Rg6 {[%clk 1:05:44]} hxg6
{[%clk 0:22:46]} 24. fxg6 {[%clk 1:06:08]} Be6 {[%clk 0:23:01]} 25. gxf7+
{[%clk 1:04:46]} Bxf7 {[%clk 0:23:18]} 26. Re1 {[%clk 1:05:05]} Bxb4
{[%clk 0:23:23]} 27. Bxf7+ {[%clk 1:05:24]} Rxf7 {[%clk 0:22:00]} 28. cxb4
{[%clk 1:05:48]} Raf8 {[%clk 0:21:09]} 29. Qd3 {[%clk 1:05:16]} Qf4
{[%clk 0:20:18]} 30. Kh1 {[%clk 1:04:41]} Qf5 {[%clk 0:19:18]} 31. Qc4
{[%clk 1:04:07]} Qd5 {[%clk 0:19:37]} 32. Qd3 {[%clk 1:03:58]} Rf2
{[%clk 0:18:45]} 33. Rg1 {[%clk 1:04:21]} Rxa2 {[%clk 0:18:10]} 34. Kh2
{[%clk 1:04:09]} Rff2 {[%clk 0:17:46]} 35. Qg6 {[%clk 1:04:11]} Qf7
{[%clk 0:16:47]} 36. Qd3 {[%clk 1:03:53]} Qf4+ {[%clk 0:16:21]} 37. Kh1
{[%clk 1:04:18]} Rad2 {[%clk 0:15:49]} 38. Qb3+ {[%clk 1:04:19]} Kh8
{[%clk 0:15:54]} 39. Qe6 {[%clk 1:04:24]} Rf1 {[%clk 0:15:02]} 40. Qe8+
{[%clk 1:04:39]} Kh7 {[%clk 0:15:24]} 41. Qh5+ {[%clk 1:05:00]} Kg8
{[%clk 0:15:45]} 42. Qe8+ {[%clk 1:05:14]} Qf8 {[%clk 0:14:32]} 43. Qe6+
{[%clk 1:05:09]} Qf7 {[%clk 0:14:20]} 44. Qc8+ {[%clk 1:04:37]} Kh7
{[%clk 0:14:07]} 45. Qg4 {[%clk 1:05:00]} Rxg1+ {[%clk 0:13:47]} 46. Kxg1
{[%clk 1:05:26]} Qg6 {[%clk 0:12:46]} 47. Qh4+ {[%clk 1:05:51]} Qh6
{[%clk 0:12:05]} 48. Qe4+ {[%clk 1:06:16]} g6 {[%clk 0:12:04]} 49. Qe7+
{[%clk 1:06:36]} Qg7 {[%clk 0:12:29]} 50. Qh4+ {[%clk 1:06:51]} Kg8
{[%clk 0:12:29]} 51. Qd8+ {[%clk 1:07:15]} Qf8 {[%clk 0:12:49]} 52. Qg5
{[%clk 1:07:13]} Rd1+ {[%clk 0:12:46]} 53. Kh2 {[%clk 1:07:33]} Qd6+
{[%clk 0:13:02]} 54. g3 {[%clk 1:07:54]} Kg7 {[%clk 0:11:32]} 55. Qe3
{[%clk 1:06:20]} Rxd4 {[%clk 0:11:10]} 56. h4 {[%clk 1:06:34]} Rd2+
{[%clk 0:11:29]} 57. Kh3 {[%clk 1:06:57]} Qd7+ {[%clk 0:11:46]} 58. g4
{[%clk 1:07:18]} Rd3 {[%clk 0:12:08]} 0-1

[Event "v4camp2016"]
[Site "?"]
[Date "2016.06.21"]
[Round "1.13"]
[White "Gorog, Almos"]
[Black "Chwistek, Karel"]
[Result "1/2-1/2"]
[BlackElo "1945"]
[WhiteElo "1976"]
[LiveChessVersion "1.4.8"]

1. c4 {[%clk 1:30:54]} Nf6 2. g3 g6 {[%clk 1:30:40]} 3. Bg2 {[%clk 1:31:21]} Bg7
{[%clk 1:31:07]} 4. Nc3 {[%clk 1:31:47]} O-O {[%clk 1:31:21]} 5. e4
{[%clk 1:32:15]} e5 {[%clk 1:30:16]} 6. Nge2 {[%clk 1:32:27]} Nc6
{[%clk 1:28:06]} 7. O-O {[%clk 1:32:30]} d6 {[%clk 1:27:10]} 8. d3
{[%clk 1:26:33]} Nd7 {[%clk 1:25:44]} 9. Be3 {[%clk 1:25:05]} f5 {[%clk 1:24:09]}
10. Rc1 {[%clk 1:12:51]} Nf6 {[%clk 1:22:29]} 11. Nd5 {[%clk 1:04:21]} Nh5
{[%clk 1:18:09]} 12. b4 {[%clk 0:55:15]} f4 {[%clk 1:04:14]} 13. gxf4 exf4
{[%clk 1:02:20]} 14. Nexf4 {[%clk 0:52:21]} Nxf4 {[%clk 1:02:27]} 15. Bxf4
{[%clk 0:45:25]} Nxb4 {[%clk 0:59:39]} 16. Bxd6 {[%clk 0:30:41]} cxd6
{[%clk 0:48:54]} 17. Nxb4 {[%clk 0:31:01]} Qh4 {[%clk 0:45:38]} 18. d4
{[%clk 0:23:38]} Bh6 {[%clk 0:43:34]} 19. Rc3 {[%clk 0:23:41]} Bf4
{[%clk 0:39:24]} 20. h3 {[%clk 0:22:21]} g5 {[%clk 0:34:17]} 21. Nd5
{[%clk 0:21:01]} g4 {[%clk 0:34:05]} 22. Nxf4 Rxf4 23. hxg4 {[%clk 0:19:49]} Bxg4
{[%clk 0:31:24]} 24. f3 {[%clk 0:18:20]} Raf8 {[%clk 0:19:56]} 25. fxg4
{[%clk 0:09:42]} Rxf1+ {[%clk 0:19:48]} 26. Bxf1 {[%clk 0:10:08]} Qf2+
{[%clk 0:15:56]} 27. Kh1 {[%clk 0:10:33]} Qxf1+ {[%clk 0:16:09]} 28. Qxf1
{[%clk 0:10:59]} Rxf1+ {[%clk 0:16:33]} 1/2-1/2

[Event "v4camp2016"]
[Site "?"]
[Date "2016.06.21"]
[Round "1.14"]
[White "Gemsa, Pavel"]
[Black "Zlotov, Viktor"]
[Result "1/2-1/2"]
[BlackElo "1533"]
[WhiteElo "1973"]
[LiveChessVersion "1.4.8"]

1. e4 {[%clk 1:30:57]} c5 {[%clk 1:30:52]} 2. Nc3 {[%clk 1:31:22]} d6
{[%clk 1:30:26]} 3. f4 {[%clk 1:31:45]} e6 {[%clk 1:29:42]} 4. Nf3
{[%clk 1:32:06]} g6 {[%clk 1:28:02]} 5. Bc4 {[%clk 1:32:30]} Bg7 {[%clk 1:26:32]}
6. O-O {[%clk 1:31:39]} Ne7 {[%clk 1:25:01]} 7. f5 {[%clk 1:23:41]} exf5
{[%clk 1:15:11]} 8. Ng5 {[%clk 1:20:03]} d5 {[%clk 1:13:25]} 9. exd5
{[%clk 1:17:58]} O-O {[%clk 1:12:56]} 10. Qf3 {[%clk 1:09:22]} a6
{[%clk 1:07:37]} 11. d3 {[%clk 1:03:38]} Ra7 {[%clk 0:56:45]} 12. Bf4
{[%clk 0:58:50]} Nd7 {[%clk 0:52:01]} 13. d6 {[%clk 0:44:43]} Nc6
{[%clk 0:51:15]} 14. Qd5 {[%clk 0:39:25]} Nce5 {[%clk 0:46:42]} 15. Rae1
{[%clk 0:33:48]} Nxc4 {[%clk 0:40:08]} 16. dxc4 {[%clk 0:33:46]} Bf6
{[%clk 0:36:49]} 17. Qd2 {[%clk 0:30:29]} Bd4+ {[%clk 0:32:19]} 18. Kh1
{[%clk 0:28:39]} Nf6 {[%clk 0:29:40]} 19. Be5 {[%clk 0:25:21]} Bxe5
{[%clk 0:29:06]} 20. Rxe5 {[%clk 0:25:44]} b6 {[%clk 0:28:26]} 21. Nd5
{[%clk 0:24:54]} Nxd5 {[%clk 0:23:54]} 22. Rxd5 {[%clk 0:24:57]} Rd7
{[%clk 0:22:50]} 23. Qf4 {[%clk 0:19:17]} Bb7 {[%clk 0:21:05]} 24. Rd2
{[%clk 0:19:22]} Qf6 {[%clk 0:19:34]} 25. c3 {[%clk 0:12:44]} Rfd8
{[%clk 0:18:29]} 26. Rfd1 {[%clk 0:11:42]} h6 {[%clk 0:17:46]} 27. Nf3
{[%clk 0:09:26]} Bxf3 {[%clk 0:17:10]} 28. gxf3 {[%clk 0:06:42]} g5
{[%clk 0:16:43]} 29. Qg3 {[%clk 0:06:09]} f4 {[%clk 0:16:29]} 30. Qh3
{[%clk 0:05:27]} 1/2-1/2

[Event "v4camp2016"]
[Site "?"]
[Date "2016.06.21"]
[Round "1.15"]
[White "Grimm, Balazs"]
[Black "Vavrinkova, Eliska"]
[Result "1-0"]
[BlackElo "1679"]
[WhiteElo "1566"]
[LiveChessVersion "1.4.8"]

1. e4 {[%clk 1:30:58]} d5 {[%clk 1:30:43]} 2. exd5 {[%clk 1:31:19]} Qxd5
{[%clk 1:30:51]} 3. Nc3 {[%clk 1:31:40]} Qd6 {[%clk 1:31:14]} 4. d4
{[%clk 1:31:49]} Nf6 {[%clk 1:31:11]} 5. Nf3 {[%clk 1:31:43]} a6 {[%clk 1:30:58]}
6. Bc4 {[%clk 1:30:09]} b5 {[%clk 1:31:15]} 7. Bb3 {[%clk 1:30:15]} e6
{[%clk 1:31:15]} 8. d5 {[%clk 1:28:12]} exd5 {[%clk 1:28:59]} 9. Nxd5
{[%clk 1:27:29]} Bb7 {[%clk 1:27:49]} 10. Bf4 {[%clk 1:26:02]} Qe6+
{[%clk 1:25:49]} 11. Ne3 {[%clk 1:26:06]} Qb6 {[%clk 1:24:30]} 12. Ne5
{[%clk 1:24:46]} Be7 {[%clk 1:18:08]} 13. Bxf7+ {[%clk 1:21:23]} Kf8
{[%clk 1:17:46]} 14. Nd5 {[%clk 1:17:07]} Bxd5 {[%clk 1:11:02]} 15. Bxd5
{[%clk 1:17:23]} c6 {[%clk 1:11:03]} 16. Bb3 {[%clk 1:15:59]} Ke8
{[%clk 1:09:15]} 17. O-O {[%clk 1:13:32]} Nbd7 {[%clk 1:07:54]} 18. Nf7
{[%clk 1:11:33]} Rf8 {[%clk 1:07:23]} 19. Nd6+ {[%clk 1:11:54]} Kd8
{[%clk 1:07:12]} 20. Nf5 {[%clk 1:09:08]} g6 {[%clk 1:05:20]} 21. Nxe7
{[%clk 1:09:25]} Kxe7 {[%clk 1:05:20]} 22. Bd6+ {[%clk 1:09:43]} 1-0

[Event "v4camp2016"]
[Site "?"]
[Date "2016.06.21"]
[Round "1.16"]
[White "Gemsova, Tereza"]
[Black "Meszaros, Marta Mira"]
[Result "1-0"]
[BlackElo "1190"]
[WhiteElo "1457"]
[LiveChessVersion "1.4.8"]

1. e4 {[%clk 1:30:58]} c5 {[%clk 1:30:50]} 2. Nf3 {[%clk 1:31:22]} Nc6
{[%clk 1:31:07]} 3. d4 {[%clk 1:31:45]} cxd4 {[%clk 1:31:30]} 4. Nxd4
{[%clk 1:32:03]} g6 {[%clk 1:31:51]} 5. Nc3 {[%clk 1:31:30]} Bg7 {[%clk 1:32:13]}
6. Be3 {[%clk 1:31:50]} Nf6 {[%clk 1:32:24]} 7. f3 {[%clk 1:32:06]} O-O
{[%clk 1:32:45]} 8. Be2 {[%clk 1:32:20]} d6 {[%clk 1:33:02]} 9. Qd2
{[%clk 1:32:09]} a5 {[%clk 1:32:05]} 10. Bb5 {[%clk 1:28:30]} Bd7
{[%clk 1:28:32]} 11. O-O {[%clk 1:26:55]} Rc8 {[%clk 1:28:26]} 12. a4
{[%clk 1:25:14]} Qc7 {[%clk 1:17:46]} 13. Rac1 {[%clk 1:23:57]} Rfe8
{[%clk 1:10:14]} 14. Rfd1 {[%clk 1:20:25]} Red8 {[%clk 1:08:41]} 15. Nd5
{[%clk 1:08:31]} Nxd5 {[%clk 1:05:41]} 16. exd5 {[%clk 1:08:53]} Nb4
{[%clk 1:03:41]} 17. c4 {[%clk 1:06:12]} Qb8 {[%clk 0:43:56]} 18. b3
{[%clk 1:04:02]} Rc7 {[%clk 0:42:56]} 19. Re1 {[%clk 0:41:13]} Re8
{[%clk 0:43:06]} 20. f4 {[%clk 0:29:07]} Bxb5 {[%clk 0:31:27]} 21. Nxb5
{[%clk 0:29:17]} Rcc8 {[%clk 0:31:25]} 22. Bb6 {[%clk 0:29:05]} Qa8
{[%clk 0:26:29]} 23. Nc7 {[%clk 0:29:14]} Rxc7 {[%clk 0:26:36]} 24. Bxc7
{[%clk 0:29:23]} Qa7+ {[%clk 0:26:53]} 25. c5 {[%clk 0:28:28]} Bb2
{[%clk 0:23:46]} 26. Qxb2 {[%clk 0:26:52]} Nd3 {[%clk 0:24:01]} 27. Qd2
{[%clk 0:26:58]} Nxc1 {[%clk 0:23:57]} 28. Rxc1 {[%clk 0:27:14]} Ra8
{[%clk 0:21:56]} 29. Bb6 {[%clk 0:27:25]} Qa6 {[%clk 0:21:45]} 30. Qe3
{[%clk 0:27:12]} dxc5 {[%clk 0:19:26]} 31. Bxc5 {[%clk 0:27:36]} Re8
{[%clk 0:19:02]} 32. Bb6 {[%clk 0:27:36]} Qa8 {[%clk 0:17:31]} 33. Qc5
{[%clk 0:27:53]} Qb8 {[%clk 0:17:26]} 34. g3 {[%clk 0:27:48]} e5 {[%clk 0:16:19]}
35. Bc7 {[%clk 0:26:46]} Qc8 {[%clk 0:14:01]} 36. Bxe5 {[%clk 0:27:01]} Qxc5+
{[%clk 0:14:17]} 37. Rxc5 {[%clk 0:27:21]} Rd8 {[%clk 0:14:27]} 38. Rxa5
{[%clk 0:27:37]} Rd7 {[%clk 0:14:41]} 39. Rb5 {[%clk 0:27:46]} h5
{[%clk 0:14:12]} 40. Rb6 {[%clk 0:27:59]} Kf8 {[%clk 0:14:06]} 41. d6
{[%clk 0:28:02]} Ke8 {[%clk 0:14:04]} 42. Bf6 {[%clk 0:28:18]} Kf8
{[%clk 0:13:58]} 43. Be7+ {[%clk 0:28:31]} Kg7 {[%clk 0:14:16]} 44. a5
{[%clk 0:28:26]} f5 {[%clk 0:14:03]} 45. b4 {[%clk 0:28:37]} Kf7 {[%clk 0:14:12]}
46. b5 {[%clk 0:28:54]} Ke8 {[%clk 0:14:07]} 47. a6 {[%clk 0:29:06]} bxa6
{[%clk 0:14:13]} 48. bxa6 {[%clk 0:29:29]} Ra7 {[%clk 0:14:24]} 49. Kf2
{[%clk 0:28:54]} Kd7 {[%clk 0:14:31]} 50. Rb7+ {[%clk 0:29:15]} Rxb7
{[%clk 0:12:54]} 51. axb7 {[%clk 0:29:38]} Ke6 {[%clk 0:13:05]} 52. b8=Q
{[%clk 0:29:49]} Kd5 {[%clk 0:13:18]} 53. d7 {[%clk 0:29:51]} Kc6
{[%clk 0:13:05]} 54. Qd6+ {[%clk 0:30:07]} Kb5 {[%clk 0:13:01]} 55. Qc5+
{[%clk 0:30:17]} Ka6 {[%clk 0:13:08]} 56. Qb4 {[%clk 0:30:24]} Ka7
{[%clk 0:13:15]} 57. Bd6 {[%clk 0:30:33]} Ka6 {[%clk 0:13:10]} 58. Bc7
{[%clk 0:30:49]} Ka7 {[%clk 0:13:09]} 59. Qb6+ {[%clk 0:31:10]} Ka8
{[%clk 0:13:28]} 60. Qb8# {[%clk 0:31:35]} 1-0